00446nam a2200133Ia 4500100002900000942000700029366000700036245003800043260004600081300000800127546001200135999001700147952014800164 aBHIMASHANKAR/ DESHPANDE  cBK f50 aKARNATAKATIL MARATHI HASTALIKHITE bRAJYA MARATHI VIKAS SANSTHAaMumbaic1999 a188 aMARATHI c19925d19925 001040708AFTaCRCEbCRCEd2023-03-17eRAJYA MARATHI VIKAS SANSTHAg37.50i10775 INDENT NO.l0o pAFT8279r2023-03-17v75.00w0000-00-00yBK